MDQL
is popping MORE tags! Check the
thread
!
Quizzes
Events
Quiz Creation
Community
Videos
Private Events
Remove Ads
Sign In
Join for FREE
Feedback
Dark Mode
Quiz Categories
Sports
Geography
Music
Movies
Television
Just For Fun
Miscellaneous
History
Literature
Language
Science
Gaming
Entertainment
Religion
Holiday
For Kids
Quiz Lab
Recent
Popular Today
Quiz Kudos Today
Editor Picks
Curator Picks
Quizzes by...
Day
Popularity
Type
Ratings
Length
Year
Community
Subscriptions
Recent Discussions
Orange Saloon
Badges
Playlists
Quests
Create
Leaderboards
Showdown
Live 5
Trivia Bingo
Activity
Puzzle Library
Sporcle Events
Private Events
Virtual Trivia
Globe League
Become a Host
Pub Owners
SporcleCon
Opinionation
Our Games
Videos
Blog
Mobile Apps
Partnerships
Remove Ads and Go Orange
Feedback
Science
Computer
Plants
Astronomy
Chemistry
Elements
Math
Animal
Physics
Anatomy
Biology
Geology
General Science
Science
Computer
Plants
Astronomy
Chemistry
Elements
Math
Animal
Physics
Anatomy
Biology
Geology
General Science
Random Quiz
Search Sporcle
×
Quiz Lab
Quiz Lab
Science
factor
Type in answers that appear in a list
Type in answers that appear in a list
Classic
Best Score? Go Orange.
Factors of 1,000 Stats
Can you name the factors of 1000?
By
Dumble
60s
16 Questions
150 Plays
150 Plays
150 Plays
Comments
Comments
Give Quiz Kudos
Give Quiz Kudos
-
- Ratings
hide this ad
More Info
Forced Order
Answers have to be entered in order
Answers have to be entered in order
Replay
Link that replays current quiz
Next Quiz
Link to next quiz in quiz playlist
You Got
0%
They Got
Avg Score
92%
Avg Friend Score
Upgrade to see
Score Distribution
Jump to the score distribution portion of the page
Score
0/16
Timer
01:00
0
Plays Today
Factors
% Correct
1
100%
2
99.3%
4
98.7%
5
98%
8
98%
10
98%
20
95.3%
25
94%
Factors
% Correct
50
92%
100
92%
40
90%
200
86.7%
1000
86%
125
84%
500
83.3%
250
81.3%
Quiz Playlist
Details
Report
Send in Message
Add To Playlist
More Info:
Thank you for playing! If you have any complaints, please comment, and good luck!
Classic:
Type in answers that appear in a list
Forced Order:
Answers have to be entered in order
Last Updated: Feb 16, 2017
Quiz Scoreboard
CHALLENGE
Sign Up to Join the Scoreboard
Show All
Scores
Hide
Comments
May contain spoilers
Recently Published
Find the 'City' Movie
by crazypaving
Movies
60s
5x2 Blitz: Bands
by SL_Kpop136
Music
30s
Colored Red Africa Blitz
by spor1
Geography
30s
More to Explore
Quiz From the Vault
Featured Blog Post
14 Easter Pick-up Lines to Find Eggs With
hide this ad
You Might Also Like...
Tags
1000
factor
Today's Top Quizzes in Science
Browse Science
hide this ad
Today's Top Quizzes in factor
Browse factor
Top Contributed Quizzes in Science
1
Windmill: Elements
2
Glycolysis
3
Square Numbers Scrambled (1-50)
4
17 TIMES TABLE
5
Elements In Images
6
Astronomy Spelling Bee
7
The First 100 Digits of Pi
8
3-letter Elementary Words
9
'C' Flowers II
10
Multiplication 12-19
Explore More
Trending Topics
Disney
NBA
Anime
Harry Potter
Crossword
Marvel
Kpop
Song
Soccer
Pokémon
Puzzle
Country
The Office
NFL
WWE
hide this ad
More By:
Dumble
Quiz
Plays
Rating
Category
Featured
Created
Word Ladder: Something Fishy
21,810
4.48
Just For Fun
May 23, 2011
Pumped Up Kicks
3,445
4.46
Music
Sep 5, 2011
Super Mario Sunshine Trivia
1,453
2.07
Gaming
May 9, 2011
Mysterious Benedict Society Random Trivia
559
3.67
Literature
May 7, 2011
Poll- Ketchup or Mustard
175
2.00
Miscellaneous
Oct 8, 2011
Go to Creator's Profile
Score Distribution
Quiz Creator Spotlight
Dumble
Follow
Send a Message
Quizzes Created
-
Created Quiz Play Count
-
More By This Creator
Popular Quizzes Today
1
Colored Red Africa Blitz
2
Find the 'City' Movie
3
Find the US States - No Outlines Minefield
4
5x2 Blitz: Bands
5
The Countries of the World
6
Find the US States
7
US States
8
Find the Countries of Europe - No Outlines Minefield
More Science Quizzes
Find the Tip Animals
Quiz Lab
Trending Quizzes
Colored Red Europe Blitz I
Colored Red Europe Blitz II
Colored Red Africa Blitz II
Colored Red Europe Blitz III
Colored Red Africa Blitz III
Recently Updated
How Do You Spell That?
pecheneg
Godzilla Movies
pecheneg
Grab Bag: 4-10 Letters
pecheneg
2024 March Madness Bracket
pecheneg
Famous TV Couples
Peacemaker
Champions League XIs: Real Madrid
pecheneg
Largest US Cities 1790-2010
pecheneg
Rides in Walt Disney World
pecheneg
Most Oscar Losses (Acting)
pecheneg
Beyoncé Albums
pecheneg
Trending Topics
Crossword
Anime
Kpop
Disney
Marvel
Harry Potter
NBA
Soccer
Song
Puzzle
Pokémon
NFL
The Office
Country
WWE
Your Account Isn't Verified!
In order to create a playlist on Sporcle, you need to verify the email address you used during registration. Go to your
Sporcle Settings
to finish the process.
Report this User
Report this user for behavior that violates our
Community Guidelines
.
Details:
Send Report
Go to the Sporcle.com Mobile Site →
Comments